000 00491nam a2200181Ia 4500
005 20250326125333.0
008 250326s9999 xx 000 0 und d
037 _aTextbook
040 _aFMSL
_beng
_cFMSL
041 _aeng
_2eng
084 _aX8(A):8 L5
_qFMSL
100 _aBasu S K
245 0 _aWorks organisation and management
_cBasu S K; Sahu K C
260 _aNd
_bNd, Oxford & IBH
_c1975
300 _a400p
942 _cTB
_hX8(A):8 L5
999 _c1277589
_d1277589